Eliminación por Categoría - Clubes de fútbol - Estadísticas

Estadísticas generales
  • Esta prueba ha sido intentada 1.306 veces
  • La puntuación promedio es 13 de 20
Estadísticas de respuestas
Grupo # Categoría % Correcto
Verde 20 Club de Liga en 2024-2025
100%
Verde 10 ... con menos de 47 temporadas en la primera división
92%
Azul 23 Club campeón de la Liga de Campeones UEFA
84%
Naranja 22 Club de segunda división de España en 2024-2025
80%
Verde 5 ... pero con un estadio con capacidad para más de 20.000 personas
78%
Azul 18 ... que la ha ganado menos de 5 veces
78%
Morado 20 Club de la Premier League 2024-2025
78%
Azul 8 ... pero más de una vez
77%
Naranja 11 ... está situado en Andalucía, o en la Comunidad Valenciana o Asturias
75%
Naranja 7 ... contiene la letra A
71%
Morado 9 ... su proveedor de equipamiento no es Nike ni Adidas para esta temporada
70%
Naranja 5 ... la ciudad del club tiene acceso al mar
68%
Verde 3 ... la ciudad del club no está en una isla
64%
Azul 3 ... no está situado en italia ni en inglaterra
63%
Azul 1 ... Luis Suárez marcó 111 goles allí Ajax Amsterdam
57%
Morado 5 ... el club no está en Londres ni en Manchester
50%
Morado 3 ... ya estaba en la Premier League la temporada pasada
46%
Naranja 1 ... y ha jugado 8 temporadas en primera división Almería
40%
Verde 1 ... y ha ganado la Europa League Villaréal
35%
Morado 1 ... y se fundó en 1899 con el nombre de Boscombe FC Bournemouth
20%
No se encontraron pruebas coincidentes
Distribución de puntuación
Porcentaje de gente con cada puntuación
Porcentaje por número respondido
Historial de tus puntuaciones
No has intentado esta prueba.